La Dansa popular com a element de cultura per a l'actor català / Aureli Capmany
Publicado:
Barcelona :
Escola Catalana d'Art Dramàtic de la Mancomunitat de Catalunya i l'Ajuntament de Barcelona ,
1923
Descripción Física:
17 p., [4] f. de làm. ; 25 cm
Materias:
Danses populars i nacionals -- Catalunya
MARC
| LEADER | 00000nam a2200000Ia 4500 | ||
|---|---|---|---|
| 001 | 2296 | ||
| 008 | 160829s1923 xx 000 0 cat d | ||
| 080 | |a RF-5-6 | ||
| 100 | |a Capmany, Aureli, |d 1868-1954 |9 53743 | ||
| 245 | |a La Dansa popular com a element de cultura per a l'actor català / Aureli Capmany | ||
| 260 | |a Barcelona : |b Escola Catalana d'Art Dramàtic de la Mancomunitat de Catalunya i l'Ajuntament de Barcelona, |c 1923 | ||
| 300 | |a 17 p., [4] f. de làm. ; |c 25 cm | ||
| 650 | |a Danses populars i nacionals |x Catalunya |9 38828 | ||
| 710 | 1 | |a Barcelona (Catalunya). |b Ajuntament |9 50981 | |
| 710 | 2 | |a Escola Catalana d'Art Dramàtic |9 55259 | |
| 856 | 4 | |u https://media.diba.cat/diba/fitxers/arxiu/fulletons/bib_2296_1923_baixa.pdf |y Accés lliure | |
| 856 | 4 | |u https://media.diba.cat/diba/fitxers/arxiu/fulletons/bib_2296_1923_baixa.pdf |y Accés lliure | |
| 901 | |a Arxiu | ||
| 942 | |n 1 |2 udc | ||
| 952 | |0 0 |1 0 |4 0 |6 RF56 |7 1 |9 44179 |a Arxiu |b Arxiu |d 2016-12-01 |l 0 |o RF-5-6 |p 2296 |r 2016-12-01 00:00:00 |w 2016-12-01 |y ARXIU | ||
| 999 | |c 46759 |d 46759 | ||
| 900 | |a bib_2296_1923_baixa.pdf | ||